Loading...
| Any History | 9 | 15.56 | 100% | 44% | 11% |
| Current Events | 4 | 22.50 | 100% | 100% | 25% |
| Fine Arts - Classical Music | 10 | 16.00 | 90% | 60% | 10% |
| Fine Arts - Other | 10 | 14.00 | 90% | 50% | 0% |
| Geography | 8 | 16.25 | 88% | 75% | 0% |
| History - American | 8 | 15.00 | 100% | 25% | 25% |
| History - European | 11 | 18.18 | 100% | 73% | 9% |
| History - World | 6 | 15.00 | 100% | 50% | 0% |
| Literature - American | 8 | 17.50 | 100% | 63% | 13% |
| Literature - British | 8 | 18.75 | 100% | 75% | 13% |
| Literature - European | 8 | 18.75 | 100% | 75% | 13% |
| Literature - World | 9 | 15.56 | 100% | 56% | 0% |
| Mythology | 4 | 15.00 | 75% | 75% | 0% |
| Other Academic | 6 | 15.00 | 83% | 67% | 0% |
| Painting & Sculpture | 8 | 12.50 | 100% | 25% | 0% |
| Philosophy | 10 | 14.00 | 90% | 40% | 10% |
| Religion | 12 | 13.33 | 100% | 25% | 8% |
| Science - Biology | 9 | 14.44 | 100% | 44% | 0% |
| Science - Chemistry | 8 | 11.25 | 100% | 13% | 0% |
| Science - Other | 9 | 16.67 | 89% | 67% | 11% |
| Science - Physics | 11 | 13.64 | 91% | 27% | 18% |
| Social Science | 8 | 11.25 | 88% | 25% | 0% |